Central Library OPAC University of Rajshahi

Scripture natural history / (Record no. 36539)

MARC details
000 -LEADER
fixed length control field 01215cam a2200289K 4500
001 - CONTROL NUMBER
control field 36539
003 - CONTROL NUMBER IDENTIFIER
rucl marc code BD-RjUL
005 - DATE AND TIME OF LATEST TRANSACTION
control field 20211209052512.0
008 - FIXED-LENGTH DATA ELEMENTS--GENERAL INFORMATION
fixed length control field 140625s1888 enka o 000 0 eng d
035 ## - SYSTEM CONTROL NUMBER
System control number (OCoLC)ocn610335708
System control number (OCoLC)610335708
040 ## - CATALOGING SOURCE
Original cataloging agency OCLCE
Language of cataloging eng
Transcribing agency OCLCE
Modifying agency BD-RjUL
041 ## - LANGUAGE CODE
Language code of text/sound track or separate title eng
082 04 - DEWEY DECIMAL CLASSIFICATION NUMBER
Classification number 220.85
Author mark and year GRS V-1 1888
100 1# - MAIN ENTRY--PERSONAL NAME
Personal name Groser, William H.
Fuller form of name (William Howse)
9 (RLIN) 111269
245 10 - TITLE STATEMENT
Title Scripture natural history /
Statement of responsibility, etc. William H. Groser.
Number of part/section of a work I :
Name of part/section of a work The trees and plants mentioned in the Bible.
260 ## - PUBLICATION, DISTRIBUTION, ETC. (IMPRINT)
Place of publication, distribution, etc. London :
Name of publisher, distributor, etc. Religious Tract Society,
Date of publication, distribution, etc. 1888.
300 ## - PHYSICAL DESCRIPTION
Pagination viii, 235 p. ;
Size 19 cm.
490 0# - SERIES STATEMENT
Series statement By-paths of Bible knowledge. X-XI
505 2# - FORMATTED CONTENTS NOTE
Formatted contents note I. The trees and plants mentioned in the Bible, by W.H. Groser.-II. The animals mentioned in the Bible, By H.C. Hart.
506 ## - RESTRICTIONS ON ACCESS NOTE
Materials specified Use copy
Standardized terminology for access restriction Restrictions unspecified
Source of term star
Institution to which field applies MiAaHDL
650 #0 - SUBJECT ADDED ENTRY--TOPICAL TERM
Topical term or geographic name as entry element Nature in the Bible.
9 (RLIN) 95224
776 08 - ADDITIONAL PHYSICAL FORM ENTRY
Relationship information Print version:
Main entry heading Groser, William H. (William Howse).
Title Scripture natural history.
Place, publisher, and date of publication London, Religious Tract Society, 1888
Record control number (OCoLC)358684
856 40 - ELECTRONIC LOCATION AND ACCESS
Materials specified HathiTrust Digital Library
Uniform Resource Identifier <a href="http://catalog.hathitrust.org/api/volumes/oclc/358684.html">http://catalog.hathitrust.org/api/volumes/oclc/358684.html</a>
942 ## - ADDED ENTRY ELEMENTS (KOHA)
Source of classification or shelving scheme Dewey Decimal Classification
Koha item type Books
Holdings
Lost status Source of classification or shelving scheme Damaged status Not for loan Collection code Permanent Location Current Location Shelving location Date acquired Total Checkouts Full call number Date last seen Copy number Koha item type
  Dewey Decimal Classification   Not For Loan Non-fiction Central Library, University of Rajshahi Central Library, University of Rajshahi Reading Room 25/06/2014   RA 220.85 GRS V-1 1888 25/06/2014 C-1 Books